000 00415nab a2200145Ia 4500
003 ES-SlBCS
005 20210601124313.0
008 140529s1984 xxu||||| |||| 00| 0 eng d
041 _aeng
100 1 _aBlack, David C.
_9139455
245 0 0 _aVico, Education, and Childhood
_c David C. Black
600 1 4 _aVico
_9139456
773 0 _tEducational Theory
_gvol. 34, nº. 2, 1984, págs. 103-112
_wRev1399
942 _cAR
999 _c512614
_d512614